000 00730cam a22002533a 4500
001 769
003 PGUSA
005 20140828082952.0
008 970101s1997||||xxu|||||s|||||000 | eng d
040 _aPGUSA
_beng
042 _adc
050 4 _aGT
100 1 _aOkakura, Kakuzo,
_d1862-1913
245 1 4 _aThe Book of Tea
_h[electronic resource] /
_cKakuzo Okakura
260 _bProject Gutenberg,
_c1997
506 _aCopyrighted. Read the copyright notice inside this book for details.
516 _aElectronic text
653 _aJapanese tea ceremony
653 _aTea
653 _aJapan -- Social life and customs
830 0 _aProject Gutenberg
_v769
856 4 0 _uhttp://www.gutenberg.org/ebooks/769
942 _cEB
999 _c230120
_d230120